000 00488nam a2200181Ia 4500
999 _c31985
_d31985
003 OSt
005 20200729120129.0
008 190216s9999||||xx |||||||||||||| ||und||
020 _a9798181282964
040 _coclc
082 _a515.9
_bHOW/C
100 _aHowie, John M
_93843
245 0 _aComplex Analysis /
_cJohn M Howie
260 _bSpringer,
_aLondon:
_c2005.
300 _a260p
650 _aMathematics
942 _cBK
_2ddc
_h515.9
_iHOW/C
_k515.9
_mHOW/C